000 00470nam a2200181 i 4500
001 bg
245 0 _aSystemy cyfrowe wieloprocesorowe /
_cPhilip H. Enslow red.
260 _aWarszawa :
_bWydawnictwa Naukowo-Techniczne,
_c1978.
490 1 _aInformatyka
650 9 _aSystemy informatyczne
650 9 _aSystemy operacyjne
830 _aInformatyka
040 _cBPK
041 _apol
080 _a004
942 _cKS
008 s pl f |000 0 pol
999 _c9792
_d9792
856 _uhttp://koha.tu.koszalin.pl/cgi-bin/koha/opac-detail.pl?biblionumber=9792
_yKatalog online BPK